Ensaio sobre a Cor (Record no. 1803)

MARC details
000 -LEADER
campo de control de longitud fija 00871nam a2200145 4500
008 - DATOS DE LONGITUD FIJA--INFORMACIÓN GENERAL
campo de control de longitud fija 708 SE454e
082 ## - NÚMERO DE LA CLASIFICACIÓN DECIMAL DEWEY
Número de clasificación 708
Número de ítem SE454e
100 ## - ENTRADA PRINCIPAL--NOMBRE DE PERSONA
Nombre de persona Museu Lasar Segall
9 (RLIN) 7073
245 ## - MENCIÓN DEL TÍTULO
Título Ensaio sobre a Cor
260 ## - PUBLICACIÓN, DISTRIBUCIÓN, ETC.
Lugar de publicación, distribución, etc. São Paulo
Nombre del editor, distribuidor, etc. Museu Lasar Segall
Fecha de publicación, distribución, etc. 2019
300 ## - DESCRIPCIÓN FÍSICA
Extensión 15 p.
Otras características físicas il (col)
Dimensiones 25 x 19 cm
505 ## - NOTA DE CONTENIDO CON FORMATO
Título Angústia: a cor emoção / Anguis: the color of emotion
-- Introspecção: a "cor Segall" / introspection: The "Segall Color"
-- Fotos de exposição / Photos of the Exhibition
-- Sob o signo dos trópicos: a paleta nacional / Under the Sign of the Tropics: the National Palette
-- Escultura Três Jovens / Three Youth Sculptures
-- Compaixáo: a não cor / Compassion: The Noncolor
-- Fotos e documentos / Photos and Documents
650 ## - PUNTO DE ACCESO ADICIONAL DE MATERIA--TÉRMINO DE MATERIA
Subdivisión general arte contemporáneo
-- arte - exhibiciones
-- arte - pintura
-- Brasil
-- Segall, Lasar
9 (RLIN) 7074
700 ## - ENTRADA AGREGADA--NOMBRE PERSONAL
Nombre de persona Milliet, Maria Alice (curaduría)
9 (RLIN) 7075
Holdings
Estatus retirado Estado de pérdida Fuente del sistema de clasificación o colocación Estado de daño No para préstamo Biblioteca de origen Biblioteca actual Ubicación en estantería Fecha de adquisición Total de préstamos Signatura topográfica completa Código de barras Visto por última vez Precio de reemplazo Tipo de ítem Koha
    Clasificación Decimal Dewey     Biblioteca LadoV Biblioteca LadoV   04/07/2019   708 SE454e 004806 04/07/2019 04/07/2019 Material 01